00562nam a2200169Ia 450000500170000000800410001702000150005808200150007310000190008824500700010726000380017730000120021550000460022794200060027395200980027999900150037720250521032903.0240331s9999 xx 000 0 und d a9555530866 a302.2bATT aAttanayake , B 0aKaryala kalamanakaranaya :bsannivedanaya ha mahajana sambandatha aVarakapolabArya Publishersc1994 a52 p ., aOffice management & Communication Methods cL 001040708LaWERCLbWERCLcSSCd2024-03-31l0o 302.2 ATTp3840r2024-03-31w2024-03-31yL c1095d1095